000 01978 a2200205 4500
001 29484
005 20260407155604.0
008 260407a1969 arg spa d
003 AR-UNSa-BCEJYS
040 _aAR-UNSa-BCEJYS
_bspa
_cAR-UNSa-BCEJYS
080 _a657.23
_xCompensaciones. Correcciones. Ajustes (devaluación monetaria)
245 1 0 _aFluctuaciones monetarias y estados contables
264 1 _aBuenos Aires :
_bEdiciones Macchi
_c1969
300 _a467 p.
_c23 cm.
505 _aParte I: La contabilidad ante la inflación: 1. Limitaciones monetarias en períodos de envilecimiento monetario - 2. Las posiciones en la doctrina hasta la VII conferencia Interamericana de contabilidad - 3. La práctica contable actual - 4. Las soluciones "no integrales" - 5. La necesidad de un nuevo enfoque -- Parte II: Método integral. Su fundamentación teórico-práctica: 6. Ganancias. Concepto y forma de medición - 7. Comportamiento del valor de los rubros de los estados contables y su influencia en la determinación de resultados - 8. El ajuste integral. Sus objetivos y el método adecuado para alcanzarlos - 9. Fundamentación teórica de la mecánica del método integral de ajuste - 10. Significado contable de los resultados por exposición a la inflación - 11. Ejemplo simplificado del proceso integral de ajuste -- Parte III: Método integral. Normas para su aplicación: 12. El proceso secuencial de ajuste integral - 13. Normas específicas por rubro - 14. Otros aspectos que hacen a la aplicación del método -- Parte IV: Método integral. Sus posibilidades de aplicación generalizada: 15. Las ventajas del método integral a través de la comparación con los métodos "no integrales" - 16. Aclaraciones sobre los "defectos" que se imputan al método integral - 17. Conclusión -- Parte V: Aplicación práctica: 18. Casos
942 _cBK
590 _aniveau_biblio:m niveau_hierar:0
100 1 _aLópez Santiso, Horacio
700 1 _aPanagi, Luis Andres
999 _c1885
_d1885